| Tag |
First Indicator |
Second Indicator |
Subfields |
| LEADER |
00000cam a2200000Ia 4500 |
| 001 |
in00001402728 |
| 008 |
970113s1996 miua t f000 0 eng d |
| 005 |
20230331145550.0 |
| 035 |
|
|
|a (OCoLC)ocm36199093
|
| 035 |
|
|
|9 AHM2826AM
|
| 035 |
|
|
|a in00001402728
|
| 040 |
|
|
|a OLA
|c OLA
|d GPO
|d MvI
|d UtOrBLW
|
| 043 |
|
|
|a nl-----
|a n-us-mi
|a n-cn-on
|
| 049 |
|
|
|a WWW
|
| 074 |
|
|
|a 0208-C-02 (online)
|
| 086 |
0 |
|
|a C 55.13/2:ERL GLERL-93
|
| 090 |
|
|
|a QC807.5.U6
|b G5 no.93
|
| 100 |
1 |
|
|a McCormick, Michael J.
|
| 245 |
1 |
0 |
|a Lake Huron water temperature data, Bay City, Michigan 1946-1993 /
|c Michael J. McCormick.
|
| 264 |
|
1 |
|a Ann Arbor, Mich. :
|b U.S. Dept. of Commerce, National Oceanic and Atmospheric Administration, Environmental Research Laboratories, Great Lakes Environmental Research Laboratory,
|c [1996]
|
| 300 |
|
|
|a 22 unnumbered pages :
|b illustrations ;
|c 28 cm.
|
| 336 |
|
|
|a text
|b txt
|2 rdacontent
|
| 337 |
|
|
|a unmediated
|b n
|2 rdamedia
|
| 338 |
|
|
|a volume
|b nc
|2 rdacarrier
|
| 490 |
1 |
|
|a GLERL contribution ;
|v no. 1006
|
| 490 |
1 |
|
|a NOAA technical memorandum ERL GLERL ;
|v 93
|
| 500 |
|
|
|a Title from cover.
|
| 500 |
|
|
|a "August 1996."
|
| 530 |
|
|
|a Also available via Internet through the NOAA website. Address as of 12/2/2002: ftp://ftp.glerl.noaa.gov/publications/techreports/glerl-093/tm-093.pdf; current access via PURL
|
| 650 |
|
0 |
|a Water temperature
|z Huron, Lake (Mich. and Ont.)
|x Data processing.
|
| 650 |
|
0 |
|a Water temperature
|z Michigan
|z Bay City
|x Data processing.
|
| 650 |
|
0 |
|a Water temperature
|z Huron, Lake (Mich. and Ont.)
|x History.
|
| 710 |
2 |
|
|a Great Lakes Environmental Research Laboratory.
|
| 830 |
|
0 |
|a GLERL contribution ;
|v no. 1006.
|
| 830 |
|
0 |
|a NOAA technical memorandum ERL GLERL ;
|v 93.
|
| 856 |
4 |
0 |
|u https://purl.fdlp.gov/GPO/LPS24584
|t 0
|
| 999 |
|
|
|a MARS
|
| 999 |
f |
f |
|i dc51c083-5297-35a1-901a-64c5c04577d0
|s 7f03a0d4-29fd-397c-80b7-bed8ea481847
|t 0
|
| 952 |
f |
f |
|p normal
|a Texas A&M University
|b College Station
|c Sterling C. Evans Library
|d Evans: US Documents Microfiche (3rd floor)
|t 0
|e C 55.13/2:ERL GLERL-93
|h Superintendent of Documents classification
|i unmediated -- volume
|m A14820883938
|
| 952 |
f |
f |
|a Texas A&M University
|b College Station
|c Electronic Resources
|d Available Online
|t 0
|e C 55.13/2:ERL GLERL-93
|h Superintendent of Documents classification
|
| 998 |
f |
f |
|a C 55.13/2:ERL GLERL-93
|t 0
|l Available Online
|
| 998 |
f |
f |
|a C 55.13/2:ERL GLERL-93
|t 0
|l Evans: US Documents Microfiche (3rd floor)
|